000 00987nmm a2200289 a 4500
001 ocm0001232039
003 TR-IsHL
005 20201028155757.0
008 150709s2014 tu tur
007 cr cn
020 _a9786055176631
035 _a1232039
_b(N$T)
050 0 4 _aBP178
_b.N353 2014
090 0 4 _aBP178
_b.N353 2014
245 1 0 _aNamazda okunacak dua ve zikirler: Arapça metni, Türkçe okunuşu ve Türkçe meali
_h[electronic resource] /
_chazırlayan Tekin Mıhçı
260 _aKonya :
_bEğitim Akademi Yayınevi,
_c2014
300 _a178 p.
650 4 _aFelsefe, Psikoloji ve Din
650 4 _aPhilosophy, Psychology and Religion
650 0 _aDua
_x İslam
650 0 _aPrayer
_x Islam
650 0 _aNamaz
_x İslam
650 0 _aPrayer
_x Islam
650 7 _aRELIGION / Prayerbooks / Islamic
_2bisacsh
700 1 _aMıhçı, Tekin
856 4 0 _uhttp://search.ebscohost.com/login.aspx?direct=true&scope=site&db=e011xww&AN=1232039
999 _c13259
_d13259